Перенос оптического излучения в облачной атмосфере; Известия Томского политехнического университета [Известия ТПУ]; Т. 317, № 2: Математика и механика. Физика

Manylion Llyfryddiaeth
Parent link:Известия Томского политехнического университета [Известия ТПУ]/ Томский политехнический университет (ТПУ).— , 2000-
Т. 317, № 2: Математика и механика. Физика.— 2010.— [С. 116-120]
Prif Awdur: Горячев Б. В. Борис Валентинович
Awduron Eraill: Могильницкий С. Б. Сергей Борисович
Crynodeb:Заглавие с титульного листа
Электронная версия печатной публикации
Исследовано влияние параметров облачности на радиационный баланс атмосферы. Предложен метод расчета величины радиационного взаимодействия при многократном переизлучении между облаками. Установлено, что максимальное радиационное взаимодействие наблюдается при определенных оптических размерах облаков и зависит от индикатрисы рассеяния излучения.
Iaith:Rwseg
Cyhoeddwyd: 2010
Cyfres:Математика и механика. Физика
Pynciau:
Mynediad Ar-lein:http://www.lib.tpu.ru/fulltext/v/Bulletin_TPU/2010/v317/i2/25.pdf
Fformat: Electronig Pennod Llyfr
KOHA link:https://koha.lib.tpu.ru/cgi-bin/koha/opac-detail.pl?biblionumber=191972

MARC

LEADER 00000nla2a2200000 4500
001 191972
005 20240202212902.0
035 |a (RuTPU)RU\TPU\book\209337 
035 |a RU\TPU\book\209284 
090 |a 191972 
100 |a 20110215d2010 k y0rusy50 ca 
101 0 |a rus 
102 |a RU 
135 |a drnn ---uucaa 
181 0 |a i  
182 0 |a b 
200 1 |a Перенос оптического излучения в облачной атмосфере  |f Б. В. Горячев, С. Б. Могильницкий 
203 |a Текст  |c электронный 
215 |a 1 файл (86 Кб) 
225 1 |a Математика и механика. Физика 
300 |a Заглавие с титульного листа 
300 |a Электронная версия печатной публикации 
320 |a [Библиогр.: с. 120 (7 назв.)] 
330 |a Исследовано влияние параметров облачности на радиационный баланс атмосферы. Предложен метод расчета величины радиационного взаимодействия при многократном переизлучении между облаками. Установлено, что максимальное радиационное взаимодействие наблюдается при определенных оптических размерах облаков и зависит от индикатрисы рассеяния излучения. 
337 |a Adobe Reader 
461 1 |0 (RuTPU)RU\TPU\book\176237  |t Известия Томского политехнического университета [Известия ТПУ]  |f Томский политехнический университет (ТПУ)  |d 2000- 
463 1 |0 (RuTPU)RU\TPU\book\205139  |x 1684-8519  |t Т. 317, № 2: Математика и механика. Физика  |v [С. 116-120]  |d 2010  |p 200 с. 
610 1 |a перенос излучения 
610 1 |a разорванная облачность 
610 1 |a рассеивающие среды 
610 1 |a радиационное взаимодействие 
610 1 |a труды учёных ТПУ 
610 1 |a электронный ресурс 
700 1 |a Горячев  |b Б. В.  |c физик  |c доцент Томского политехнического университета, кандидат физико-математических наук  |f 1947-  |g Борис Валентинович  |3 (RuTPU)RU\TPU\pers\25460  |9 11399 
701 1 |a Могильницкий  |b С. Б.  |c физик  |c доцент Томского политехнического университета, кандидат физико-математических наук  |f 1951-  |g Сергей Борисович  |3 (RuTPU)RU\TPU\pers\25470 
801 1 |a RU  |b 63413507  |c 20090623  |g PSBO 
801 2 |a RU  |b 63413507  |c 20211223  |g PSBO 
856 4 |u http://www.lib.tpu.ru/fulltext/v/Bulletin_TPU/2010/v317/i2/25.pdf 
942 |c CF